000 00716nam a2200193 a 4500
008 120416s1975 ||||||||||||||||| || u
020 _a0140809260
050 _aGF 23.M35 Smi
100 _aSmith, David Marshall, 1936-
245 1 0 _aPatterns in human geography
260 _aHarmondsworth
_bPenguin
_c1975
300 _a373p. : ill.
350 _a0.00
490 _aPenguin education : Geography and environmental studies
500 _aIncludes index. -Bibliography: p. 352-368.
650 _aHuman geography--Mathematics
650 _aGEOGRAPHY
995 _D0.00
_FCBU-MAIN LIBRARY (Kitwe)
_H1
_I12.00
_M1
_UAVAILABLE
_ZMain Library Open Access Collection
999 _c53213
_d53213